| 000 | 00826nam a2200193 a 4500 | ||
|---|---|---|---|
| 001 | 000036787 | ||
| 005 | 20200930075933.0 | ||
| 008 | 120131s1991 sp 000 0 spa d | ||
| 020 | _a8478200940 | ||
| 245 | 0 | 0 |
_aMúsica para los ministriles de El Pilar de Zaragoza (1971- 1672) _hMúsica impresa/ _cedición y estudio preliminar, Luis Antonio González Marín. |
| 260 |
_aZarogoza : _bInstitvción "Fernando el Católico", Sección de Música Antigua, _c1991. |
||
| 300 |
_a77 p., + [13] partituras : _bil., mús. ; _ematerial complementario _c23 cm. |
||
| 490 | 1 |
_aPiezas de MVsica _v1 |
|
| 500 | _aTextos a dos columnas | ||
| 500 | _aIncluye referencias bibliográficas y notas al pie de las páginas | ||
| 700 | 1 | 2 |
_aGonzález Marín, Luis Antonio, _eed. _963122 |
| 830 | 0 |
_aPiezas de MVsica _v1 _963123 |
|
| 999 |
_c36278 _d36278 |
||
| 040 | _aDO-SdBNP | ||